| 000 | 00421nam a2200121 4500 | ||
|---|---|---|---|
| 999 |
_c9794 _d9794 |
||
| 008 | 180717b ||||| |||| 00| 0 eng d | ||
| 100 |
_929003 _aMiraflor, Madelaine B. |
||
| 245 |
_aSelf-learning machines, on-demand delivery key trends in logistics industry/ _cMadelaine B. Miraflor |
||
| 260 |
_aPhilippines _bManila Bulletin _cc2016 |
||
| 300 | _apage B14. | ||
| 650 | 0 |
_929004 _aTechnological innovations. |
|
| 942 |
_2ddc _cPER |
||